Normal view
MARC view
- দাস, শ্রী হরে কৃষ্ণ
Entry Personal Name
001 - CONTROL NUMBER
- control field: 5719
003 - CONTROL NUMBER IDENTIFIER
- control field: OSt
005 - DATE AND TIME OF LATEST TRANSACTION
- control field: 20240306054804.0
008 - FIXED-LENGTH DATA ELEMENTS
- fixed length control field: 240306|| aca||aabn | a|a d
040 ## - CATALOGING SOURCE
- Original cataloging agency: OSt
- Transcribing agency: OSt
100 ## - HEADING--PERSONAL NAME
- Personal name: দাস, শ্রী হরে কৃষ্ণ
670 ## - SOURCE DATA FOUND
- Source citation: Work cat.: (OSt): দাস, শ্রী হরে কৃষ্ণ, দেওয়ানী নিয়ম ও আদেশাবলী (সি আর এন্ড ও) প্রথম খন্ড/ , c1993
